[Event "SVR-ch MTB"]
[Site "?"]
[Date "2000.??.??"]
[Round "2"]
[White "Schnur Edmund"]
[Black "Braemigk Uwe"]
[Result "1-0"]
[WhiteElo "2188"]
[BlackElo "2088"]
[PlyCount "53"]
[EventDate "2000.??.??"]
[Source "www.chesslib.no"]
[SourceDate "2004.05.04"]

1. e4 e6 2. d4 d5 3. Nc3 Nf6 4. Bg5 Be7 5. Bxf6 Bxf6 6. Nf3 O-O 7. Bd3 c5 8. dxc5 Bxc3+ 9. bxc3 Qa5 10. O-O dxe4 11. Bxe4 f5 12. Bd3 Qxc3 13. Re1 Nc6 14. Rb1 a6 15. Ng5 Qf6 16. f4 Qd4+ 17. Kh1 Nd8 18. Bxf5 Qxd1 19. Bxh7+ Kh8 20. Rbxd1 Nf7 21. Nxf7+ Kxh7 22. Ng5+ Kg8 23. g3 b5 24. cxb6 Bb7+ 25. Kg1 Rac8 26. Rd7 Bd5 27. Nxe6 1-0

[Event "Binissalem op 16th"]
[Site "?"]
[Date "2003.09.13"]
[Round "5"]
[White "Serra Olives Tomas"]
[Black "Castro Valero Juan"]
[Result "1-0"]
[WhiteElo "2200"]
[BlackElo "2055"]
[PlyCount "43"]
[EventDate "2003.??.??"]
[Source "www.chesslib.no"]
[SourceDate "2004.05.04"]

1. e4 e6 2. d4 d5 3. Nc3 Nf6 4. Bg5 Be7 5. Bxf6 Bxf6 6. Nf3 c5 7. Bb5+ Nc6 8. O-O O-O 9. e5 Be7 10. Re1 Qc7 11. Bd3 a6 12. dxc5 f6 13. exf6 Bxf6 14. Na4 Bd7 15. c3 Rae8 16. Nb6 Re7 17. Rc1 Ne5 18. Nxe5 Bxe5 19. Qh5 Bxh2+ 20. Qxh2 Qxc5 21. Bxh7+ Kf7 22. Qh5+ 1-0

[Event "Rabac (Croatia)"]
[Site "?"]
[Date "2003.??.??"]
[Round "1"]
[White "Karanfiloski Stane"]
[Black "Egerc Josip"]
[Result "1-0"]
[WhiteElo "2160"]
[BlackElo "2092"]
[PlyCount "49"]
[EventDate "2003.??.??"]
[Source "www.chesslib.no"]
[SourceDate "2004.05.04"]

1. e4 e6 2. d4 d5 3. Nc3 Nf6 4. Bg5 Be7 5. Bxf6 Bxf6 6. Nf3 b6 7. Bd3 g6 8. h4 h5 9. Qe2 Bb7 10. O-O-O c6 11. Rhe1 O-O 12. e5 Bg7 13. g4 Bh6+ 14. Kb1 hxg4 15. Ng5 c5 16. Qxg4 Bxg5 17. hxg5 Kg7 18. Rh1 Rh8 19. Rxh8 Qxh8 20. Qf3 Kg8 21. Rh1 Qg7 22. Ne4 dxe4 23. Bxe4 Bxe4 24. Qxe4 Na6 25. Qxa8+ 1-0

[Event "Oberliga Baden 0001"]
[Site "?"]
[Date "2000.11.12"]
[Round "2.7"]
[White "Boege Wolfram"]
[Black "Bangert Bodo"]
[Result "0-1"]
[WhiteElo "2063"]
[BlackElo "2179"]
[PlyCount "84"]
[EventDate "2000.??.??"]
[Source "www.chesslib.no"]
[SourceDate "2004.05.04"]

1. e4 e6 2. d4 d5 3. Nc3 Nf6 4. Bg5 Be7 5. Bxf6 Bxf6 6. e5 Be7 7. Qg4 O-O 8. O-O-O c5 9. dxc5 Nc6 10. f4 Qa5 11. Nf3 f5 12. Qh5 Qxc5 13. Ng5 Bxg5 14. Qxg5 Qe3+ 15. Kb1 Nxe5 16. Bb5 Nf7 17. Qe7 Qb6 18. Be8 Nd6 19. Bh5 Qd8 20. Qxd8 Rxd8 21. Rhe1 Bd7 22. Bf3 Ne4 23. Bxe4 dxe4 24. Ne2 Be8 25. Nd4 Bh5 26. Rd2 Rd5 27. c3 Rad8 28. Kc2 Kf7 29. Rf2 Kf6 30. Re3 h6 31. h4 Be8 32. Rg3 g6 33. a3 e5 34. fxe5+ Kxe5 35. Re3 Rxd4 36. cxd4+ Rxd4 37. g3 g5 38. Kc3 Rd1 39. g4 f4 40. Rxe4+ Kxe4 41. Re2+ Kf3 42. Rxe8 Kxg4 0-1

[Event "Barceloneta op"]
[Site "?"]
[Date "2001.10.20"]
[Round "4"]
[White "Ritter Aguilar Jorge"]
[Black "Garcia Clemente Julian F"]
[Result "1-0"]
[WhiteElo "2117"]
[BlackElo "2120"]
[PlyCount "105"]
[EventDate "2001.??.??"]
[Source "www.chesslib.no"]
[SourceDate "2004.05.04"]

1. e4 e6 2. d4 d5 3. Nc3 Nf6 4. Bg5 Be7 5. Bxf6 Bxf6 6. Nf3 O-O 7. Bd3 c5 8. e5 Be7 9. dxc5 Bxc5 10. O-O Nc6 11. a3 f5 12. b4 Be7 13. Nb5 a6 14. Nbd4 Bd7 15. c4 Qb8 16. Re1 Qa7 17. Bf1 Rae8 18. cxd5 Nxd4 19. Nxd4 exd5 20. f4 Bd8 21. Kh1 Bb6 22. Nf3 Bc6 23. e6 h6 24. Ne5 Rxe6 25. Nxc6 Rxc6 26. Qxd5+ Kh8 27. Re7 Bd4 28. Qxc6 Bxa1 29. Qxb7 Qf2 30. Qf3 Qxf3 31. gxf3 Bb2 32. Re3 Bc1 33. Rc3 Bxf4 34. Bxa6 Re8 35. Rc8 Rxc8 36. Bxc8 g6 37. a4 Kg7 38. a5 Bc7 39. a6 Bb6 40. Kg2 Kf6 41. f4 Ke7 42. h4 Kd8 43. Bb7 Kc7 44. Kf3 Ba7 45. Bd5 Kb6 46. Bf7 g5 47. hxg5 hxg5 48. fxg5 Kxa6 49. Bc4+ Kb7 50. Kf4 Bd4 51. Kxf5 Kc7 52. Ke6 Kd8 53. Kf7 1-0

[Event "Binissalem op 16th"]
[Site "?"]
[Date "2003.09.19"]
[Round "7"]
[White "Juan Mas Santiago"]
[Black "Ferrer Roig Juan"]
[Result "0-1"]
[WhiteElo "2105"]
[BlackElo "2131"]
[PlyCount "44"]
[EventDate "2003.??.??"]
[Source "www.chesslib.no"]
[SourceDate "2004.05.04"]

1. e4 e6 2. d4 d5 3. Nc3 Nf6 4. Bg5 Be7 5. Bxf6 Bxf6 6. Nf3 c5 7. Bb5+ Nc6 8. exd5 exd5 9. Qe2+ Be6 10. Rd1 O-O 11. dxc5 Qa5 12. O-O Bxc3 13. bxc3 Bg4 14. Rxd5 Rfe8 15. Qc4 Be6 16. Ng5 Bxd5 17. Qxd5 Qc7 18. Qd3 g6 19. Ne4 Qe5 20. Nd6 Red8 21. Qf3 Rxd6 22. cxd6 Qxb5 0-1

[Event "SLO Ch sf"]
[Site "Slovenia"]
[Date "1994.??.??"]
[Round "?"]
[White "Kolar, Srecko"]
[Black "Kozamernik, Janez"]
[Result "0-1"]
[WhiteElo "2220"]
[BlackElo "2010"]
[PlyCount "75"]
[EventDate "1994.??.??"]
[Source "www.chesslib.no"]
[SourceDate "2004.05.04"]

1. e4 e6 2. d4 d5 3. Nc3 Nf6 4. Bg5 Be7 5. Bxf6 Bxf6 6. Nf3 O-O 7. Qd2 a6 8. Bd3 b5 9. a3 Bb7 10. Qf4 c5 11. dxc5 Bxc3+ 12. bxc3 dxe4 13. Bxe4 Bxe4 14. Qxe4 Nd7 15. O-O Nxc5 16. Qb4 Qc7 17. Rfe1 Na4 18. Re3 Rac8 19. Ng5 Nxc3 20. Qg4 Qc4 21. Qh3 h6 22. Nf3 Nd5 23. Ree1 Nf4 24. Qh4 Ne2+ 25. Rxe2 Qxe2 26. h3 Rfd8 27. Kh2 Rd1 28. Rxd1 Qxd1 29. Ne5 Qxc2 30. f4 Qf5 31. Qg3 g5 32. fxg5 Qxg5 33. Ng4 Kh7 34. Qf3 Qf5 35. Qe3 Qg6 36. Qd4 Qg5 37. Qd3+ Kg8 38. Qd4 0-1

[Event "Wattens Open"]
[Site "Wattens"]
[Date "1994.??.??"]
[Round "8"]
[White "Fuchs, Georg"]
[Black "Thielen, Dankward"]
[Result "1/2-1/2"]
[WhiteElo "2240"]
[BlackElo "1990"]
[PlyCount "30"]
[EventDate "1994.??.??"]
[Source "www.chesslib.no"]
[SourceDate "2004.05.04"]

1. e4 e6 2. d4 d5 3. Nc3 Nf6 4. Bg5 Be7 5. Bxf6 Bxf6 6. Nf3 O-O 7. Qd2 c5 8. exd5 exd5 9. Be2 cxd4 10. Nxd4 Nc6 11. Nf3 Be6 12. O-O Qa5 13. Nd1 Qb6 14. Bd3 Nb4 15. Re1 Nxd3 1/2-1/2

[Event "Oberbayern-ch"]
[Site "?"]
[Date "1993.??.??"]
[Round "1"]
[White "Krausser Hans"]
[Black "Zach Andreas"]
[Result "0-1"]
[WhiteElo "2050"]
[BlackElo "2180"]
[PlyCount "84"]
[EventDate "1993.??.??"]
[Source "www.chesslib.no"]
[SourceDate "2004.05.04"]

1. e4 e6 2. d4 d5 3. Nc3 Nf6 4. Bg5 Be7 5. Bxf6 Bxf6 6. Nf3 Nc6 7. e5 Be7 8. Bd3 Nb4 9. Bf1 c5 10. Ne2 Qb6 11. c3 Nc6 12. Qd2 Bd7 13. g3 Rc8 14. Bg2 cxd4 15. cxd4 Bb4 16. Nc3 Na5 17. O-O O-O 18. Rfc1 Rc7 19. Bf1 Nc4 20. Qe2 Rfc8 21. a3 Be7 22. Rcb1 a6 23. Nd1 a5 24. a4 Qb4 25. Qd3 Be8 26. h4 f6 27. exf6 Bxf6 28. Qe2 Re7 29. Bh3 Bg6 30. Rc1 Rce8 31. Ne5 Nd2 32. h5 Be4 33. Nc3 Nb3 34. Nxe4 Bxe5 35. dxe5 Nxc1 36. Nf6+ gxf6 37. Rxc1 f5 38. Qe3 Rg7 39. Bf1 f4 40. Qd3 fxg3 41. fxg3 Qh4 42. Rc3 Kh8 0-1

[Event "12sen.LSEM Hamburg op"]
[Site "?"]
[Date "2005.11.01"]
[Round "5"]
[White "Kreutzkamp Hans-Rudolf"]
[Black "Raedeker Bernd"]
[Result "0-1"]
[WhiteElo "2083"]
[BlackElo "2133"]
[PlyCount "53"]
[EventDate "2005.??.??"]
[Source "www.chesslib.no"]
[SourceDate "2004.05.04"]

1. e4 e6 2. d4 d5 3. Nc3 Nf6 4. Bg5 Be7 5. Bxf6 Bxf6 6. e5 Be7 7. Qg4 Bf8 8. f4 Nc6 9. Nf3 Bd7 10. a3 f5 11. exf6 Qxf6 12. Ne5 Nxe5 13. fxe5 Qh6 14. Be2 O-O-O 15. O-O c5 16. Rf3 Kb8 17. Rd1 Be8 18. Rg3 cxd4 19. Qxd4 Rc8 20. b4 g5 21. Bd3 Qg7 22. Re3 Be7 23. Nb1 Bd8 24. c4 dxc4 25. Qd6+ Bc7 26. Qxe6 cxd3 27. Rexd3 0-1

[Event "otb"]
[Site "otb"]
[Date "2007.03.04"]
[Round "5"]
[White "Lalic Kristijan"]
[Black "Nikolic Milenko"]
[Result "1/2-1/2"]
[WhiteElo "2208"]
[BlackElo "1972"]
[PlyCount "34"]
[Source "www.chesslib.no"]
[SourceDate "2004.05.04"]

1. e4 e6 2. d4 d5 3. Nc3 Nf6 4. Bg5 Be7 5. Bxf6 Bxf6 6. Nf3 O-O 7. e5 Be7 8. Bd3 c5 9. dxc5 Bxc5 10. O-O Nc6 11. Qe2 Nb4 12. a3 Nxd3 13. cxd3 Bd7 14. d4 Bb6 15. Qd3 a6 16. Rfe1 Rc8 17. Rac1 Qe7 1/2-1/2

[Event "Ch Finland (team) (I Division)"]
[Site "Finland"]
[Date "1998.03.06"]
[Round "6"]
[White "Solomons, D."]
[Black "Ruiz Garcia, M."]
[Result "1-0"]
[WhiteElo "2080"]
[BlackElo "2100"]
[PlyCount "47"]
[EventDate "1998.??.??"]
[Source "www.chesslib.no"]
[SourceDate "2004.05.04"]

1. e4 e6 2. d4 d5 3. Nc3 Nf6 4. Bg5 Be7 5. Bxf6 Bxf6 6. Nf3 O-O 7. Bd3 b6 8. e5 Be7 9. h4 g6 10. Qd2 Kg7 11. h5 Rh8 12. O-O-O c5 13. Rh3 cxd4 14. hxg6 hxg6 15. Rdh1 dxc3 16. Qf4 cxb2+ 17. Kb1 Rxh3 18. Rxh3 f5 19. exf6+ Bxf6 20. Qh6+ Kf7 21. Qh7+ Kf8 22. Ne5 Bxe5 23. Rf3+ Bf6 24. Bxg6 1-0

[Event "AUS Ch"]
[Site "?"]
[Date "1980.01.08"]
[Round "11.10"]
[White "Curtis John"]
[Black "Viner Phillip"]
[Result "1/2-1/2"]
[WhiteElo "2090"]
[BlackElo "2080"]
[PlyCount "39"]
[EventDate "1980.??.??"]
[Source "www.chesslib.no"]
[SourceDate "2004.05.04"]

1. e4 e6 2. d4 d5 3. Nc3 Nf6 4. Bg5 Be7 5. Bxf6 Bxf6 6. Nf3 Nc6 7. Bb5 a6 8. Bxc6+ bxc6 9. O-O O-O 10. Re1 c5 11. exd5 cxd4 12. Nxd4 Bb7 13. Nc6 Bxc6 14. dxc6 Rb8 15. Qf3 Rxb2 16. Rad1 Qb8 17. Ne4 Be7 18. Rd7 Rb1 19. Rxb1 Qxb1+ 20. Qd1 1/2-1/2

[Event "19 ECC 2003 Men"]
[Site "?"]
[Date "2003.09.30"]
[Round "3.225"]
[White "Plakalovic Predrag"]
[Black "Bytyqi Ramadan"]
[Result "1-0"]
[WhiteElo "2168"]
[BlackElo "2000"]
[PlyCount "61"]
[EventDate "2003.??.??"]
[Source "www.chesslib.no"]
[SourceDate "2004.05.04"]

1. e4 e6 2. d4 d5 3. Nc3 Nf6 4. Bg5 Be7 5. Bxf6 Bxf6 6. Nf3 a6 7. Bd3 b5 8. a4 b4 9. Ne2 Bb7 10. e5 Be7 11. h4 Nd7 12. Nf4 h6 13. Qd2 c5 14. Nxe6 fxe6 15. Bg6+ Kf8 16. Qf4+ Nf6 17. exf6 Bxf6 18. O-O cxd4 19. Rfe1 Bc8 20. Nxd4 Qb6 21. c3 Kg8 22. a5 Qb8 23. Nxe6 bxc3 24. bxc3 Bd7 25. Nc7 Ra7 26. Rab1 Rb7 27. Rxb7 Qxb7 28. Qd6 Qc6 29. Qxc6 Bxc6 30. Re6 Bd7 31. Rxa6 1-0

[Event "SVK-chT2a 9798"]
[Site "SVK"]
[Date "1998.??.??"]
[Round "?"]
[White "Bisco, Igor"]
[Black "Kramarik, P."]
[Result "0-1"]
[WhiteElo "2120"]
[BlackElo "2040"]
[PlyCount "72"]
[EventDate "1997.??.??"]
[Source "www.chesslib.no"]
[SourceDate "2004.05.04"]

1. e4 e6 2. d4 d5 3. Nc3 Nf6 4. Bg5 Be7 5. Bxf6 Bxf6 6. Nf3 O-O 7. Qd2 Be7 8. O-O-O a6 9. Kb1 Re8 10. h4 b5 11. exd5 exd5 12. Bd3 b4 13. Ne2 Nd7 14. Qf4 Nf8 15. Ne5 Be6 16. Ng3 Bd6 17. Nh5 f6 18. Qg3 Qe7 19. Nc6 Qf7 20. Qf3 Qd7 21. Rh3 Qf7 22. Rg1 a5 23. g4 Bd7 24. g5 Bxh3 25. Qxh3 Qxh5 26. gxf6 g6 27. f4 Bxf4 28. Ne7+ Kh8 29. Qf1 Qxh4 30. Bxg6 Nxg6 31. Nxg6+ hxg6 32. f7 Re1+ 33. Qxe1 Qxe1+ 34. Rxe1 Rf8 35. Re7 Kg7 36. Rd7 Bd6 0-1

[Event "It (Open) Piestany SLO"]
[Site "?"]
[Date "2005.11.19"]
[Round "5"]
[White "Blazek Milos"]
[Black "Skara Vladimir"]
[Result "0-1"]
[WhiteElo "2115"]
[BlackElo "2042"]
[PlyCount "108"]
[EventDate "2005.??.??"]
[Source "www.chesslib.no"]
[SourceDate "2004.05.04"]

1. e4 e6 2. d4 d5 3. Nc3 Nf6 4. Bg5 Be7 5. Bxf6 gxf6 6. exd5 exd5 7. Nf3 Bg4 8. Be2 c6 9. Qd2 Nd7 10. O-O Qc7 11. Rfe1 O-O-O 12. Nh4 Be6 13. Bd3 Bd6 14. g3 Rdg8 15. Bf5 Nf8 16. Qh6 Bf4 17. Qh5 Rg5 18. Qf3 Rhg8 19. Bxe6+ Nxe6 20. Ng2 Rg4 21. Ne2 Bd6 22. Qxf6 h5 23. Ne3 R4g6 24. Qf3 h4 25. Nf5 hxg3 26. Nxd6+ Qxd6 27. fxg3 Kb8 28. Kh1 Rh6 29. Rf1 f6 30. c3 a6 31. b4 Ka7 32. a4 Ng5 33. Qf4 Qe6 34. Ra2 Rgh8 35. Ng1 Ne4 36. b5 Rg6 37. b6+ Kxb6 38. Rb2+ Ka7 39. Rf3 Qd7 40. a5 Rg4 41. Qe3 Qc7 42. Kg2 Qxa5 43. c4 Qc7 44. cxd5 cxd5 45. Ne2 Qh7 46. Qb3 Qxh2+ 47. Kf1 Qh3+ 48. Ke1 Qh1+ 49. Rf1 Qh7 50. Qb6+ Ka8 51. Ra2 Rg7 52. Rf3 Rc8 53. Ng1 Rc1+ 54. Ke2 Qh2+ 0-1

[Event "WYCC 2008 U14 girls"]
[Site "Vung Tau City VIE"]
[Date "2008.10.24"]
[Round "6.3"]
[White "Camacho, Chardine Cheradee"]
[Black "Efroimski, Marsel"]
[Result "1-0"]
[WhiteElo "2100"]
[BlackElo "2052"]
[PlyCount "103"]
[EventDate "2008.10.20"]
[Source "www.chesslib.no"]
[SourceDate "2004.05.04"]

1. e4 e6 2. d4 d5 3. Nc3 Nf6 4. Bg5 Be7 5. Bxf6 Bxf6 6. Nf3 b6 7. Qd2 dxe4 8. Nxe4 Be7 9. Bb5+ c6 10. Bd3 Qc7 11. O-O-O Bb7 12. Ne5 f6 13. Nf3 Nd7 14. Bc4 Nf8 15. Rhe1 O-O-O 16. Qe2 Kb8 17. Nc3 Bb4 18. Bxe6 Bxc3 19. bxc3 b5 20. Bb3 Ng6 21. Kb2 Nf4 22. Qf1 a5 23. a4 bxa4 24. Bxa4 Ka7 25. Qc4 Rd5 26. g3 Ng6 27. Re6 Rb8 28. Ka1 Nf8 29. Re3 Nd7 30. Qa2 Ba6 31. c4 Rd6 32. Rde1 c5 33. d5 Rb4 34. Nd2 Ne5 35. f4 Ng6 36. Re8 f5 37. h4 h5 38. c3 Rb8 39. Rxb8 Kxb8 40. Re8+ Rd8 41. Qb1+ Ka7 42. Rxd8 Qxd8 43. Qxf5 Ne7 44. Qxh5 g6 45. Qe5 Nc8 46. Qg7+ Kb8 47. Qxg6 Nb6 48. Qe8 Qxe8 49. Bxe8 Nxc4 50. Nxc4 Bxc4 51. Bf7 a4 52. h5 1-0

[Event "Simultanea as cegas CPP"]
[Site "?"]
[Date "1998.??.??"]
[Round "?"]
[White "Melao Jr., Hindemburg"]
[Black "Yamamoto, Masaaki"]
[Result "1-0"]
[WhiteElo "2155"]
[BlackElo "1950"]
[PlyCount "35"]
[EventDate "1998.??.??"]
[Source "www.chesslib.no"]
[SourceDate "2004.05.04"]

1. e4 e6 2. d4 d5 3. Nc3 Nf6 4. Bg5 Be7 5. Bxf6 Bxf6 6. e5 Be7 7. Qg4 O-O 8. Bd3 f5 9. Qf4 c5 10. Nf3 Qb6 11. O-O-O Bd7 12. g4 c4 13. Be2 Nc6 14. g5 Bb4 15. g6 h6 16. Ng5 Qa5 17. Nf7 Bxc3 18. Nxh6+ 1-0

[Event "Woburn, MA"]
[Site "?"]
[Date "1998.01.30"]
[Round "1"]
[White "Becker Jared"]
[Black "Schneider Dmitry"]
[Result "0-1"]
[WhiteElo "1805"]
[BlackElo "2285"]
[PlyCount "46"]
[EventDate "1998.??.??"]
[Source "www.chesslib.no"]
[SourceDate "2004.05.04"]

1. e4 e6 2. d4 d5 3. Nc3 Nf6 4. Bg5 Be7 5. Bxf6 Bxf6 6. e5 Be7 7. Qg4 g6 8. f4 c5 9. Nf3 h5 10. Qh3 Nc6 11. O-O-O cxd4 12. Nxd4 Qb6 13. Nb3 Bd7 14. Bd3 O-O-O 15. Qf3 h4 16. Kb1 Kb8 17. Rhe1 Rc8 18. g4 hxg3 19. hxg3 Na5 20. g4 Bb4 21. f5 Nxb3 22. cxb3 gxf5 23. gxf5 d4 0-1

[Event "Rabac (Croatia)"]
[Site "?"]
[Date "2003.??.??"]
[Round "4"]
[White "Augusta Domagoj"]
[Black "Grozdanic Velin"]
[Result "0-1"]
[WhiteElo "2047"]
[BlackElo "2032"]
[PlyCount "126"]
[EventDate "2003.??.??"]
[Source "www.chesslib.no"]
[SourceDate "2004.05.04"]

1. e4 e6 2. d4 d5 3. Nc3 Nf6 4. Bg5 Be7 5. Bxf6 Bxf6 6. Nf3 b6 7. Qd2 Ba6 8. Bxa6 Nxa6 9. exd5 exd5 10. Qe2+ Qe7 11. Qxe7+ Bxe7 12. Nxd5 Bd6 13. O-O-O O-O 14. Rhe1 Rfe8 15. g3 c6 16. Ne3 f6 17. a3 g6 18. d5 c5 19. Nc4 Rxe1 20. Rxe1 Bf8 21. Ne3 Nc7 22. c4 Kf7 23. Kc2 Re8 24. Kd3 Bd6 25. Rb1 Na6 26. Nc2 Nc7 27. b4 Na6 28. Nd2 h5 29. Ne4 Rd8 30. bxc5 Nxc5+ 31. Nxc5 Bxc5 32. f4 h4 33. Nd4 hxg3 34. hxg3 Rh8 35. a4 Rh3 36. Ne2 a5 37. Rf1 f5 38. Rf3 Rh1 39. Nc3 Kf6 40. Kd2 Ke7 41. Nd1 Rh2+ 42. Kc1 Re2 43. Nb2 Kd6 44. Nd3 Bd4 45. Ne5 Bxe5 46. fxe5+ Kxe5 47. Rd3 Re4 48. Rc3 Kd6 49. Kd2 g5 50. Rb3 Rxc4 51. Rxb6+ Kxd5 52. Rf6 Ke5 53. Rg6 Rg4 54. Kd3 Kd5 55. Rf6 Rxg3+ 56. Ke2 f4 57. Rf5+ Ke4 58. Rxa5 f3+ 59. Kf2 Rg2+ 60. Kf1 g4 61. Rb5 Kf4 62. a5 Kg3 63. a6 Ra2 0-1

[Event "Bayern"]
[Site "?"]
[Date "2002.02.03"]
[Round "5.3"]
[White "Schleupner Kurt"]
[Black "Wambach Juergen"]
[Result "1/2-1/2"]
[WhiteElo "2055"]
[BlackElo "2010"]
[PlyCount "62"]
[EventDate "2002.??.??"]
[Source "www.chesslib.no"]
[SourceDate "2004.05.04"]

1. e4 e6 2. d4 d5 3. Nc3 Nf6 4. Bg5 Be7 5. Bxf6 Bxf6 6. e5 Be7 7. Qg4 g6 8. h4 h5 9. Qg3 c5 10. dxc5 Nc6 11. O-O-O Qa5 12. Kb1 Bd7 13. f4 Qxc5 14. Nf3 Rc8 15. Bd3 Na5 16. Nd2 Qb4 17. Nb3 Rxc3 18. bxc3 Qxc3 19. Qe1 Qxe1 20. Rdxe1 Bb4 21. Nxa5 Bxa5 22. Re2 Bc3 23. Rh3 d4 24. a3 Ke7 25. Rh1 Rc8 26. Ka2 Rc5 27. Rb1 Bc6 28. Be4 Bb5 29. Bd3 Bc6 30. Be4 Bb5 31. Bd3 Bc6 1/2-1/2

[Event "RSB-ch, Rotterdam"]
[Site "Rotterdam"]
[Date "1998.??.??"]
[Round "?"]
[White "Spaan, N."]
[Black "Van 't Hoenderdaal, J."]
[Result "0-1"]
[WhiteElo "2165"]
[BlackElo "1885"]
[PlyCount "79"]
[EventDate "1998.??.??"]
[Source "www.chesslib.no"]
[SourceDate "2004.05.04"]

1. e4 e6 2. d4 d5 3. Nc3 Nf6 4. Bg5 Be7 5. Bxf6 Bxf6 6. e5 Be7 7. Qg4 O-O 8. h4 c5 9. dxc5 Nc6 10. Nf3 Bxc5 11. Bd3 f6 12. Bxh7+ Kxh7 13. Qh5+ Kg8 14. Ng5 fxg5 15. hxg5 Nxe5 16. f4 Qb6 17. fxe5 Bf2+ 18. Kd1 Qd4+ 19. Kc1 Qxe5 20. Nd1 Qf4+ 21. Kb1 Bc5 22. g3 Qe5 23. Qh8+ Kf7 24. Rf1+ Ke8 25. Qh5+ Kd8 26. Rxf8+ Bxf8 27. Qh8 Ke7 28. a4 Qxg5 29. Ra3 Bd7 30. Rf3 Qg4 31. Qh1 Rc8 32. Qf1 Qg6 33. Ne3 Bxa4 34. Qe2 Kd7 35. Qf2 Be7 36. g4 d4 37. Qd2 Ke8 38. Qxd4 Bxc2+ 39. Ka1 Qe4 40. Qxg7 0-1

[Event "Leba POL"]
[Site "?"]
[Date "2006.03.26"]
[Round "2.21"]
[White "Smolak Michal"]
[Black "Marcinowski Zbigniew"]
[Result "1/2-1/2"]
[WhiteElo "1986"]
[BlackElo "2021"]
[PlyCount "140"]
[EventDate "2006.??.??"]
[Source "www.chesslib.no"]
[SourceDate "2004.05.04"]

1. e4 e6 2. d4 d5 3. Nc3 Nf6 4. Bg5 Be7 5. Bxf6 Bxf6 6. e5 Be7 7. Bd3 c5 8. dxc5 Bxc5 9. Qg4 O-O 10. Nh3 f6 11. Qh5 f5 12. Ng5 h6 13. Nf3 Qb6 14. O-O Bxf2+ 15. Rxf2 Qxb2 16. Nxd5 Qxa1+ 17. Rf1 Qxf1+ 18. Kxf1 exd5 19. Nd4 Bd7 20. e6 Be8 21. Qf3 Nc6 22. Nb5 Ne7 23. Qf4 Bxb5 24. Bxb5 Nc6 25. Qc7 Rab8 26. Qd6 Rfe8 27. Qxd5 Re7 28. Qc5 Rbe8 29. Kg1 g6 30. h4 a6 31. Bc4 h5 32. Qe3 Kh7 33. a4 Nd8 34. Qb3 Nxe6 35. Bxe6 Rxe6 36. Qxb7+ R8e7 37. Qc8 Re1+ 38. Kf2 R1e4 39. Qxa6 Rxh4 40. a5 Ra4 41. Qb5 Ra2 42. Qc5 Re4 43. Qc6 Rea4 44. Qd7+ Kh6 45. Qd2+ Kg7 46. Qc3+ Kh7 47. Qd3 Rxa5 48. Qd7+ Kh6 49. Qd2+ Kg7 50. Qd4+ Kf7 51. Qd7+ Kf6 52. Qd6+ Kg5 53. Qg3+ Kh6 54. Qe3+ f4 55. Qxf4+ Kg7 56. Qd4+ Kf7 57. Qd7+ Kf6 58. Qd6+ Kf5 59. Qd3+ Kg5 60. Qg3+ Kf5 61. Qd3+ Kf6 62. Qd6+ Kg7 63. Qd4+ Kh6 64. Qf4+ Kg7 65. Qd4+ Kh7 66. Qd7+ Kh6 67. Qd2+ Rg5 68. Kg1 Ra7 69. Qf4 Rg7 70. Kh2 Re7 1/2-1/2

[Event "Mallorca-ch D1"]
[Site "?"]
[Date "2000.10.21"]
[Round "1"]
[White "Montenegro Gonzalez Francisco"]
[Black "Cerdo Fernandez Miguel"]
[Result "1-0"]
[WhiteElo "1957"]
[BlackElo "2050"]
[PlyCount "51"]
[EventDate "2000.??.??"]
[Source "www.chesslib.no"]
[SourceDate "2004.05.04"]

1. e4 e6 2. d4 d5 3. Nc3 Nf6 4. Bg5 Be7 5. Bxf6 Bxf6 6. e5 Be7 7. Qg4 Kf8 8. Nf3 b6 9. h4 Ba6 10. Rh3 Bxf1 11. Kxf1 Nd7 12. Rg3 Rg8 13. Ng5 Bxg5 14. hxg5 c5 15. Qf4 a6 16. Rf3 Qe7 17. Re1 cxd4 18. Nxd5 exd5 19. e6 Rh8 20. Qc7 Nf6 21. Qe5 Ng4 22. Qf4 h5 23. exf7 Qd7 24. Kg1 g6 25. Qxd4 Rh7 26. Qb4+ 1-0

[Event "Hamburg"]
[Site "?"]
[Date "2005.10.06"]
[Round "6.86"]
[White "Koepcke Hans-Peter"]
[Black "Obst Martin"]
[Result "1/2-1/2"]
[WhiteElo "2110"]
[BlackElo "1850"]
[PlyCount "52"]
[EventDate "2005.??.??"]
[Source "www.chesslib.no"]
[SourceDate "2004.05.04"]

1. e4 e6 2. d4 d5 3. Nc3 Nf6 4. Bg5 Be7 5. Bxf6 Bxf6 6. e5 Be7 7. Qg4 g6 8. O-O-O a6 9. h4 h5 10. Qg3 c5 11. dxc5 Qa5 12. Bd3 Bd7 13. Nf3 Nc6 14. Ng5 Bxg5+ 15. Qxg5 Qxc5 16. Qf6 Rf8 17. g4 Qe7 18. Qf4 Qb4 19. Qxb4 Nxb4 20. gxh5 Nxd3+ 21. Rxd3 gxh5 22. Rg3 f6 23. exf6 Rxf6 24. Rg8+ Rf8 25. Rhg1 O-O-O 26. Rxf8 Rxf8 1/2-1/2

[Event "Rail 4 countries 19th"]
[Site "?"]
[Date "2002.06.07"]
[Round "1.6"]
[White "Lusti Reto"]
[Black "Ilgner Andreas"]
[Result "0-1"]
[WhiteElo "1811"]
[BlackElo "2143"]
[PlyCount "50"]
[EventDate "2002.??.??"]
[Source "www.chesslib.no"]
[SourceDate "2004.05.04"]

1. e4 e6 2. d4 d5 3. Nc3 Nf6 4. Bg5 Be7 5. Bxf6 Bxf6 6. Nf3 c5 7. e5 Be7 8. Bd3 Nc6 9. dxc5 Bxc5 10. Qe2 a6 11. O-O O-O 12. Rad1 f5 13. Nb1 b5 14. Nbd2 Qe7 15. Nb3 Bb6 16. c3 Bd7 17. Nfd4 g5 18. Bb1 Qg7 19. Nxc6 Bxc6 20. Nd4 Bd7 21. Rd3 Rac8 22. Kh1 Bc7 23. f4 gxf4 24. Rxf4 Qxe5 25. Rg4+ fxg4 0-1

[Event "Caorle Open"]
[Site "Caorle ITA"]
[Date "1988.??.??"]
[Round "5"]
[White "Simonovski, Mile"]
[Black "Mambrini, Augusto"]
[Result "1-0"]
[WhiteElo "2000"]
[BlackElo "1930"]
[PlyCount "67"]
[EventDate "1988.??.??"]
[Source "www.chesslib.no"]
[SourceDate "2004.05.04"]

1. e4 e6 2. d4 d5 3. Nc3 Nf6 4. Bg5 Be7 5. Bxf6 Bxf6 6. Nf3 c5 7. exd5 exd5 8. Be2 c4 9. O-O Nc6 10. Nb5 O-O 11. c3 a6 12. Na3 Qd6 13. Nc2 Ne7 14. Ne3 Ng6 15. g3 Re8 16. Re1 h5 17. Ne5 h4 18. f4 hxg3 19. hxg3 Qb6 20. Qd2 Bxe5 21. fxe5 Be6 22. Bf3 Rad8 23. Kg2 Qc7 24. Rh1 Qe7 25. Rh5 f6 26. Qc2 Qf7 27. exf6 Bh3+ 28. Kf2 Qxf6 29. Rxh3 Rxe3 30. Kxe3 Qe6+ 31. Kf2 Qxh3 32. Qxg6 Qh2+ 33. Ke3 Qxb2 34. Bxd5+ 1-0

[Event "It (Men) Budapest HUN"]
[Site "?"]
[Date "2006.05.14"]
[Round "9"]
[White "Mendege Andras"]
[Black "Lakat Gyula"]
[Result "0-1"]
[WhiteElo "1910"]
[BlackElo "2014"]
[PlyCount "78"]
[EventDate "2006.??.??"]
[Source "www.chesslib.no"]
[SourceDate "2004.05.04"]

1. e4 e6 2. d4 d5 3. Nc3 Nf6 4. Bg5 Be7 5. Bxf6 Bxf6 6. e5 Be7 7. Qg4 O-O 8. O-O-O c5 9. dxc5 Bxc5 10. f4 f5 11. Qg3 a6 12. Bd3 b5 13. Nf3 Nc6 14. Kb1 Nb4 15. Rhf1 Bd7 16. Ne2 Qa5 17. a3 Nxd3 18. Rxd3 b4 19. axb4 Bxb4 20. Nfd4 Qb6 21. Rc1 a5 22. c4 a4 23. Ka2 Rfb8 24. c5 Bxc5 25. Rc2 a3 26. b3 Bc8 27. Rd1 Bd7 28. Qf3 Rc8 29. g4 g6 30. h4 Bxd4 31. Rxc8+ Rxc8 32. Nxd4 fxg4 33. Qxg4 Rc3 34. h5 Ba4 35. hxg6 Bxb3+ 36. Ka1 h6 37. Nxb3 Rxb3 38. Qg2 Rb2 39. Qh3 Ra2+ 0-1

[Event "Corr"]
[Site "?"]
[Date "2000.10.01"]
[Round "?"]
[White "Gebhardt David"]
[Black "Marconi Ralph P"]
[Result "0-1"]
[WhiteElo "1779"]
[BlackElo "2129"]
[PlyCount "58"]
[EventDate "2000.??.??"]
[Source "www.chesslib.no"]
[SourceDate "2004.05.04"]

1. e4 e6 2. d4 d5 3. Nc3 Nf6 4. Bg5 Be7 5. Bxf6 Bxf6 6. e5 Be7 7. Bd3 c5 8. Qg4 O-O 9. dxc5 Nc6 10. f4 f5 11. exf6 Bxf6 12. Nge2 Nb4 13. O-O-O Qa5 14. Rhf1 Bd7 15. Rf3 Nxa2+ 16. Nxa2 Qxa2 17. Kd2 Qxb2 18. Ke1 Qb4+ 19. Kf1 Qxc5 20. Rh3 Kf7 21. Rxh7 Rg8 22. Ng3 a5 23. Nh5 Qc3 24. Qg6+ Ke7 25. Re1 Raf8 26. Ng3 a4 27. Nf5+ Kd8 28. Nd6 a3 29. Rh3 a2 0-1